Sociology : (Record no. 5381)

MARC details
000 -LEADER
fixed length control field 01665nam a2200193Ia 4500
020 ## - INTERNATIONAL STANDARD BOOK NUMBER
ISBN 0495008060
020 ## - INTERNATIONAL STANDARD BOOK NUMBER
ISBN 9780495008064
050 00 - CALL NUMBER
Classification number HM586
Item number .F47
100 1# - AUTHOR
Personal name Ferrante-Wallace, Joan,
245 10 - TITLE
Title Sociology :
Remainder of title a global perspective /
Statement of responsibility, etc Joan Ferrante.
250 ## - EDITION
Edition statement Sixth edition.
260 ## - PUBLICATION INFORMATION
Place of publication Belmont, CA :
Name of publisher Thomson Wadsworth,
Year of publication ©2006.
300 ## - DESCRIPTION
Number of Pages xxi, 651 pages :
Other physical details illustrations (some color), color maps ;
Dimensions 26 cm.
500 ## - NOTES
General note Includes index.
505 ## - FORMATTED CONTENTS NOTE
Table of Content The sociological imagination --<br/>Theoretical perspectives and methods of social research with emphasis on Mexico --<br/>Culture with emphasis on North and South Korea --<br/>Socialization with emphasis on Israel, the West Bank, and Gaza --<br/>Social interaction and the social construction of reality with emphasis on Democratic republic of the Congo --<br/>Social Organization with emphasis on McDonald's a U.S based multinational corporation with operations in 119 countries --<br/>Deviance, conformity, and social control with emphasis on the people's of republic of china --<br/>Social stratification with emphasis on the world's richest and poorest peoples --<br/>Race and ethnic classification with emphasis on the peopling of the United States (a global story) --<br/>Gender with emphasis on American samoa --<br/>Economics and politics with emphasis on Iraq --<br/>family and Aging with emphasis on Japan --<br/>Population and urbanization with emphasis on the India --<br/>Education with emphasis on the European Union --<br/>Religion with emphasis on the Islamic Republic of Afghanistan --<br/>Social change with emphasis on global interdependence.
650 #0 - SUBJECTS
Topical Term Sociology.
650 #0 - SUBJECTS
Topical Term Social history
942 ## - ADDED ENTRY ELEMENTS (KOHA)
Koha item type Books
Holdings
Withdrawn status Lost status Home library Current library Shelving location Date acquired Full call number Accession Number Koha item type Collection code
    Methodist University Library Main Methodist University Library Main General Stacks   HM586 .F47 30451 Books  
    Methodist University Library Main Methodist University Library Main General Stacks   HM586 .F47 30415 Books  
    Methodist University Library Main Methodist University Library Main General Stacks   HM586 .F47 30441 Books  
    Methodist University Library Main Methodist University Library Main General Stacks   HM586 .F47 30425 Books Reference
    Methodist University Library Main Methodist University Library Main General Stacks   HM586 .F47 30396 Books Reference
Copyright © 2026  MUG Library